Introduction to geography. / (Record no. 174)
[ view plain ]
| 000 -LEADER | |
|---|---|
| fixed length control field | 01090nam a22002057a 4500 |
| 008 - FIXED-LENGTH DATA ELEMENTS--GENERAL INFORMATION | |
| fixed length control field | 111014t xxu||||| |||| 00| 0 eng d |
| 020 ## - INTERNATIONAL STANDARD BOOK NUMBER | |
| International Standard Book Number | 0697361551 9780697361554 |
| 050 ## - LIBRARY OF CONGRESS CALL NUMBER | |
| Classification number | G128.G495 |
| 100 ## - MAIN ENTRY--PERSONAL NAME | |
| Personal name | Getis, Arthur. |
| 245 ## - TITLE STATEMENT | |
| Title | Introduction to geography. / |
| Statement of responsibility, etc. | Arthur Getis et al. |
| 250 ## - EDITION STATEMENT | |
| Edition statement | 6th ed. |
| 260 ## - PUBLICATION, DISTRIBUTION, ETC. | |
| Place of publication, distribution, etc. | Boston : |
| Name of publisher, distributor, etc. | WCB/McGraw-Hill, |
| Date of publication, distribution, etc. | 1998. |
| 300 ## - PHYSICAL DESCRIPTION | |
| Extent | xiii, 536 p. : |
| Other physical details | ill. (col.) ; |
| Dimensions | 28 cm. |
| 500 ## - GENERAL NOTE | |
| General note | Includes appendix, glossary and index. |
| 505 ## - FORMATTED CONTENTS NOTE | |
| Formatted contents note | Contents: Introduction -- Part I: The earth science tradition: Maps -- Physical geography: landforms -- Physical geography: weather and climate -- Human impact on the environment -- Part II: The culture-environment tradition: Population geography -- Cultural geography -- Geography of spatial behavior -- Political geography -- Part: III: The locational tradition: Economic geography -- The geography of natural resources -- Urban geography -- The area analysis tradition: The regional concept. |
| 650 ## - SUBJECT ADDED ENTRY--TOPICAL TERM | |
| Topical term or geographic name entry element | Geography. |
| 700 ## - ADDED ENTRY--PERSONAL NAME | |
| Personal name | Getis, Judith. |
| 700 ## - ADDED ENTRY--PERSONAL NAME | |
| Personal name | Fellmann, Jerome D. |
| 942 ## - ADDED ENTRY ELEMENTS (KOHA) | |
| Source of classification or shelving scheme | Library of Congress Classification |
| Koha item type | Books |
| Withdrawn status | Lost status | Source of classification or shelving scheme | Damaged status | Not for loan | Home library | Current library | Shelving location | Date acquired | Total Checkouts | Full call number | Barcode | Date last seen | Copy number | Price effective from | Koha item type |
|---|---|---|---|---|---|---|---|---|---|---|---|---|---|---|---|
| Library of Congress Classification | WISCONSIN INTERNATIONAL UNIVERSITY COLLEGE, GHANA - MAIN LIBRARY | WISCONSIN INTERNATIONAL UNIVERSITY COLLEGE, GHANA - MAIN LIBRARY | General Stacks | 14/10/2011 | G128.G495 | 512/11 | 14/10/2011 | 1 | 14/10/2011 | Books | |||||
| Library of Congress Classification | WISCONSIN INTERNATIONAL UNIVERSITY COLLEGE, GHANA - MAIN LIBRARY | WISCONSIN INTERNATIONAL UNIVERSITY COLLEGE, GHANA - MAIN LIBRARY | Reference | 14/10/2011 | G128.G4951 | 513/11 | 14/10/2011 | 2 | 14/10/2011 | Books | |||||
| Library of Congress Classification | WISCONSIN INTERNATIONAL UNIVERSITY COLLEGE, GHANA - MAIN LIBRARY | WISCONSIN INTERNATIONAL UNIVERSITY COLLEGE, GHANA - MAIN LIBRARY | General Stacks | 14/10/2011 | G128.G4952 | 514/11 | 14/10/2011 | 3 | 14/10/2011 | Books | |||||
| Library of Congress Classification | WISCONSIN INTERNATIONAL UNIVERSITY COLLEGE, GHANA - MAIN LIBRARY | WISCONSIN INTERNATIONAL UNIVERSITY COLLEGE, GHANA - MAIN LIBRARY | General Stacks | 14/10/2011 | G128.G4953 | 515/11 | 14/10/2011 | 4 | 14/10/2011 | Books | |||||
| Library of Congress Classification | WISCONSIN INTERNATIONAL UNIVERSITY COLLEGE, GHANA - MAIN LIBRARY | WISCONSIN INTERNATIONAL UNIVERSITY COLLEGE, GHANA - MAIN LIBRARY | General Stacks | 14/10/2011 | G128.G4954 | 539/11 | 14/10/2011 | 5 | 14/10/2011 | Books |
